Közösségi kiállítási megjelenések szervezése, mint a hivatásturizmus egyik speciális tevékenységi köre

Bibliográfiai részletek
Szerző: Tanárki Nikolett
További közreműködők: Karsai Dr. Árpád Sándor
Dokumentumtípus: Diplomadolgozat
Kulcsszavak:gazdaságdiplomácia
kereskedelemfejlesztés
nemzetközi kiállítások
rendezvények
rendezvényszervezés
turizmus
világkiállítás
Online Access:http://dolgozattar.uni-bge.hu/59517

MARC

LEADER 00000nta a2200000 i 4500
001 dolg59517
005 20260409145156.0
008 260409suuuu hu om 000 hun d
040 |a BGE Dolgozattár Repozitórium  |b hun 
041 |a hu 
100 1 |a Tanárki Nikolett 
245 1 0 |a Közösségi kiállítási megjelenések szervezése, mint a hivatásturizmus egyik speciális tevékenységi köre  |c Tanárki Nikolett  |h [elektronikus dokumentum] 
520 3 |a Szakdolgozatom témája, a közösségi kiállítási megjelenések szervezése, mint az üzleti turizmus egyik speciális tevékenységi köre. A téma feldolgozása során, nem célom politikai, illetve gazdaságpolitikai állásfoglalást megfogalmazni, valamint ezen témák vonatkozásában vélemény kifejteni, azokat elemezni.Szakdolgozatom vizsgált témája mindennapi életem része is egyben, így különösen izgalmas találom mélyebb kutatásokat folytatni a témában, bemutatva a munkafolyamatokat, szervezeteket, érintett csoportokat, valamint a tevékenység által gyakorolt multiplikatív hatásokat.Elsődleges célom, hogy definiáljam, valamint elhelyezzem a hivatásturizmus és a rendezvényszervezés hálójában a közösségi kiállítási megjelenések szervezését, mint tevékenységet, illetve, hogy bizonyítsam annak létjogosultságát a szakmán belül. Továbbá szándékozom felhívni a figyelmet arra a kis számú szakember csoportra, akik hazánkban ezzel a tevékenységgel foglalkoznak, hozzájárulva úgy a turisztikai, mint a gazdasági fejlődéshez. 
695 |a gazdaságdiplomácia 
695 |a kereskedelemfejlesztés 
695 |a nemzetközi kiállítások 
695 |a rendezvények 
695 |a rendezvényszervezés 
695 |a turizmus 
695 |a világkiállítás 
700 1 |a Karsai Dr. Árpád Sándor  |e ths 
856 4 0 |u http://dolgozattar.uni-bge.hu/59517/1/Szakdolgozat_BGE-KVIK_Turizmus-vend%C3%A9gl%C3%A1t%C3%A1s_Tan%C3%A1rki%20Nikolett_OAO4NB.pdf  |z Dokumentum-elérés 
856 4 0 |u http://dolgozattar.uni-bge.hu/59517/2/Titkos%C3%ADt%C3%A1si%20k%C3%A9relem_Tan%C3%A1rki%20Nikolett_OAO4NB.pdf  |z Dokumentum-elérés 
856 4 0 |u http://dolgozattar.uni-bge.hu/59517/3/Tan%C3%A1rki%20Nikolett_opponens_Boros%20Kitti.pdf  |z Dokumentum-elérés 
856 4 0 |u http://dolgozattar.uni-bge.hu/59517/4/Tan%C3%A1rki%20Nikolett%20Bsc%20HU%20Karsai%20%C3%81rp%C3%A1d.pdf  |z Dokumentum-elérés